Whitechapel Discography - Statistics

General Stats
  • This quiz has been taken 14 times
  • The average score is 20 of 88
Answer Stats
Hint Answer % Correct
The Valley Black Bear
67%
The Valley Hickory Creek
67%
Kin I Will Find You
67%
Kin Kin
67%
Mark of the Blade Mark of The Blade
67%
Our Endless War Our Endless War
67%
Our Endless War The Saw Is the Law
67%
This Is Exile This Is Exile
67%
The Valley When a Demon Defiles a Witch
67%
Kin A Bloodsoaked Symphony
50%
The Valley Brimstone
50%
The Valley Doom Woods
50%
The Somatic Defilement Fairy Fay
50%
The Valley Forgiveness Is Weakness
50%
Our Endless War Let Me Burn
50%
Kin Lost Boy
50%
Kin Orphan
50%
The Somatic Defilement The Somatic Defilement
50%
The Valley We Are One
50%
The Somatic Defilement Alone in the Morgue
33%
Kin Anticure
33%
Mark of the Blade Bring Me Home
33%
Whitechapel (Cult)uralist"
33%
Mark of the Blade Elitist Ones
33%
This Is Exile Father of Lies
33%
Whitechapel Hate Creation
33%
Kin History is Silent
33%
The Somatic Defilement Necrotizing
33%
Whitechapel Possibilities of an Impossible Existence
33%
The Somatic Defilement Prostatic Fluid Asphyxiation
33%
Our Endless War Rise
33%
The Valley Third Depth
33%
Kin To the Wolves
33%
Kin Without Us
33%
Kin Without You
33%
Mark of the Blade A Killing Industry
17%
Our Endless War Blacked Out
17%
A New Era of Corruption Breeding Violence
17%
Whitechapel Dead Silence
17%
The Somatic Defilement Devirgination Studies
17%
The Somatic Defilement Ear to Ear
17%
This Is Exile Eternal Refuge
17%
Whitechapel I, Dementia
17%
The Valley Lovelace
17%
Whitechapel Make It Bleed
17%
This Is Exile Messiahbolical
17%
Our Endless War Mono
17%
A New Era of Corruption Murder Sermon
17%
This Is Exile Possession
17%
Our Endless War Psychopathy
17%
The Valley Sea of Trees
17%
Whitechapel Section 8
17%
A New Era of Corruption The Darkest Day of Man
17%
Kin The Ones That Made Us
17%
The Valley The Other Side
17%
Mark of the Blade Tremors
17%
The Somatic Defilement Vicer Exciser
17%
Our Endless War Worship the Digital Age
17%
A New Era of Corruption A Future Corrupt
0%
A New Era of Corruption Animus
0%
Our Endless War A Process So Familiar
0%
The Somatic Defilement Articulo Mortis
0%
Mark of the Blade Brotherhood
0%
This Is Exile Daemon (The Procreated)
0%
This Is Exile Death Becomes Him
0%
Mark of the Blade Decennium
0%
Whitechapel Devoid
0%
A New Era of Corruption Devolver
0%
Our Endless War Diggs Road
0%
Mark of the Blade Dwell in the Shadows
0%
A New Era of Corruption End of Flesh
0%
This Is Exile Exalt
0%
Whitechapel Faces
0%
Our Endless War Fall of the Hypocrites
0%
The Somatic Defilement Festering Fiesta
0%
Our Endless War How Times Have Changed
0%
A New Era of Corruption Necromechanical
0%
This Is Exile Of Legions
0%
A New Era of Corruption Prayer of Mockery
0%
A New Era of Corruption Reprogrammed to Hate
0%
A New Era of Corruption Single File to Dehumanization
0%
This Is Exile Somatically Incorrect
0%
Whitechapel The Night Remains
0%
Mark of the Blade The Void
0%
This Is Exile To All That Are Dead
0%
Mark of the Blade Tormented
0%
A New Era of Corruption Unnerving
0%
Mark of the Blade Venomous
0%
No matching quizzes found
Score Distribution
Percent of People with Each Score
Percentile by Number Answered
Your Score History
You have not taken this quiz